00893nam a2200229 i 4500001000700000003000900007005001700016008004100033080002000074100002500094245011300119260004000232300003900272500001400311504002000325546003200345700003200377740003500409852007700444999001900521952012300540170167ES-MaACL20250805063310.0090209s1957 xxk |||| | eng d a1 Aristóteles0 aAristóteles92286110aAristotle’s Prior and Posterior analytics / ca revised text with introduction and commentary by W.D. Ross. aOxford : bClarendon Press, c1957. aX, 690 p., [1] h. pleg. ; c23 cm. aÍndice. aBibliografía. aTexto en inglés y griego.0 aRoss, William David.9998230 aPrior and posterior analytics.4 aES-MaACLjE-12430 9R.140588 z. - Biblioteca Jacinto Martínez Lacalle c170167d170167 00104070aATENEOMbATENEOMcDEPO2d2009-02-09eDONl0oE-12430p1178651r2023-02-23 00:00:00w2023-02-23yMONOGRAFIA